=LDR 00000nam 2200000 4500 =001 INLIS000000000021023 =005 20130612115925 =008 ***********************************Ind** =035 ##$$0010-061300000021023 =041 ##$$a Ind =082 ##$$a 342.05 =090 ##$$a 342.05, Ind k =260 ##$$a 1987 $b Jakarta =300 ##$$a 178 hlm, 21 cm =650 ##$$a Lembaga-lembaga negara-UUD 1945 =850 ##$$a NBPNMAT